1839 1082 1965 1012 1858 1609 1881 1319 1787 1344 1268 1584 1736 1090 1732 1644 1039 1607 1066 1561 1365 1612 1004 1133 1381 1104 1309 1643 1604 1426 1333 1907 1795 1377 1131 1786 1107 1744 1327 1904 1355 1359 1696 1709 1734 1635 1204 1440 1054 1861 1756 1683 1042 1976 1303 1079 1887 1322 1439 1883 1166 1240 1059 1369 1498 1299 1875 1117 1408 1288 1972 1370 1805 1440 1724 1417 1840 1260 1338 1012 1859 1089 1293 1651 1299 1413 1306 1127 1476 1355 1890 1089 1430 1629 1979 1603 1953 1570 1900 BCNSPRNW ULIB Ver.6.0+V

เปลี่ยนเป็นภาษาไทย

Change to English
 แสดงรายละเอียดบรรณานุกรม
  กลับหน้าหลัก

Brief Record : Get Marc (ISO 2709) : E-mail record : QR code < ปิดหน้าต่าง
LEADER : 00000nam a2200000 a 4500
001    13399121272
003     ULIB
008    030113s2554 th a 000 0 tha d
020    ^a9786162620157
050  4 ^aTK7882.C56^bจ628A
100 0  ^aจุฑามาศ จิวะสงข์
245 10 Adobe Premiere Pro video Editing /^cจุฑามาศ จิวะสงข์
250    ^aพิมพ์ครั้งที่ 1
260    ^aกรุงเทพฯ :^bซิมพลิฟาย,^c2554
300    ^a180 หน้า :^bภาพประกอบ
650  4 ^aAdobe Premiere Pro
650  7 การตัดต่อ^xโปรแกรมคอมพิวเตอร์
945    ^p179^l0^i033041
995    ^aทศพร
999 ^a ใช้งานได้ทุกระบบ
รายการนี้ยังไม่มีแท็ก
คุณยังไม่ได้ล็อกอิน คุณสามารถมีกิจกรรมร่วมกับเว็บไซต์ได้ แต่ต้องล็อกอินก่อน ::
  ล็อกอิน

รายการสื่อสารสนเทศ

ลำดับที่ ประเภท เลขเรียก/บาร์โค้ด สถานที่ สถานะ
1. วิทยาศาสตร์การแพทย์ และสุขภาพ
หนังสือสำรอง
สถานะ=หนังสือสำรอง
TK7882.C56 จ628A ฉ.1 
  Barcode: 033041
ห้องสมุดวิทยาเขตสวรรค์ประชารักษ์
►หนังสือทั่วไป
บนชั้น

รายการใกล้เคียง
    ผู้แต่ง [จุฑามาศ จิวะสงข์]

    หัวเรื่อง [Adobe Premiere Pro]
    หัวเรื่อง [การตัดต่อ โปรแกรมคอมพิวเตอร์]

BibComment


ยังไม่เคยถูกคอมเมนท์

คอมเมนท์ทรัพยากรรายการนี้
  คอมเมนท์: Adobe Premiere Pr..


 Copyright 2026. Bcnsprnw @Library